Word Ladder: Musical Artist Missing Word II Quiz Stats

 Plays Quiz Updated Dec 28, 2017

Challenge
Share
Tweet
Embed
Score 0/36 Timer 03:00
6 Plays Today
Clue 3-Letter Word % Correct
• ___ Gees •• BEE •
94.5%
• Spinal ___• TAP •
93.7%
Male palindromic parentDAD
93.6%
• Steely ___• DAN •
92.9%
Uppermost partTOP
92.7%
A boy or young manLAD
92.7%
Word between 'ready' and 'go'SET
91.9%
Children's chase gameTAG
91.7%
Use needle and threadSEW
91.7%
Badminton barrierNET
91.7%
Golf ball propper-upperTEE
91.4%
Worthless clothRAG
90.8%
• ___ Dylan •• BOB •
90%
Canine commandSIT
90%
• ___ Lobos •• LOS •
89.7%
• ___ DMC •• RUN •
89.1%
Play the numbersBET
88.5%
• ___ Order •• NEW •
88.2%
Clue 3-Letter Word % Correct
• Skid ___• ROW •
88%
• ___ Nugent •• TED •
87.7%
Nearest star to EarthSUN
87.7%
Vegas openerLAS
87.2%
Stimpy's TV palREN
86.1%
• ___ Morrison •• VAN •
86.1%
• ___ Jones •• TOM •
85.3%
• Simply ___• RED •
84.8%
To steal fromROB
83.4%
Temperature extremeLOW
83%
Computer storage acronymROM
81.3%
• ___ Jam •• RAM •
78.6%
Red or white baseball teamSOX
77.3%
• ___ 41 •• SUM •
76.4%
'I Want You' uncleSAM
75.4%
Engage in pugilismBOX
73.5%
• Electric ___• SIX •
71.6%
• Sigur ___• RÓS•
38.5%

Today's Daily Dose

Word Ladder
Bruno Mars Song

Get the Picture
Japanese Cars

You're not logged in!

Compare scores with friends on all Sporcle quizzes.
OR
Log In

You Might Also Like...

Show Comments

Extras

Top Quizzes Today


Score Distribution

Your Account Isn't Verified!

In order to create a playlist on Sporcle, you need to verify the email address you used during registration. Go to your Sporcle Settings to finish the process.

Report this User

Report this user for behavior that violates our Community Guidelines.

Details: